000 00685nam a2200205Ia 4500
005 20250103123329.0
008 008 250103s9999 xx 000 0 hin d
020 _a978-81-267-3047-6
037 _aTB
040 _aCRL
_bhin
_cCRL
041 _ahin
_2hin
084 _aNW 152Q7
_qCRL
100 _aकुवर नारायण, ले.
245 0 _aलेखक का सिनेमा
_cकुवर नारायण, ले.
260 _aनई दिल्ली, भारत
_bराजकमल प्रकाशन
_c2017
300 _a201पृ0
650 _aललित कला
_9156314
942 _cTB
_hNW 152Q7
999 _c1234396
_d1234396